00646nam a2200229 a 4500001001300000003000900013005001700022008004100039020001000080082001800090100002200108245002200130260003700152300000800189500003500197650001900232700002200251902000800273942000700281952011100288999001700399nice12345678IN_TiNIC20260116014320.0070626s0000 bana grd 000 0 eng  ac25000a362.042bKUN1 aKunigal, N Aditya aIf It Rains Again aBangalore bVisual Search c0000 a00p aincludes index and biblioraphy aRehabilitation1 aKunigal, N Aditya bSRS cND 00104070aHMIbHMId2008-06-25g250.00l1o362.042 KUN1p022068r2017-02-07s2017-02-03w2026-01-16yVM c14778d14778